• 首页
  • 本馆介绍
  • 公告通知
  • 最新文献
  • 馆藏检索
  • 电子资源
  • 读者导购
  • 参考咨询
  • 我的图书馆
  • 登录
  • 详细信息显示
  • 放入我的书架
  • 预约/预借图书
  • 作者相关作品
  • 分类相关作品
  • 丛书相关作品
  • 出版社相关作品

书目信息

  • 表格格式
  • 工作单格式
  • 卡片格式
题名:
机械基础(少学时)
    
 
作者: 柴鹏飞 , 黄正轴 主编
分册:  
出版信息: 北京   机械工业出版社  2010
页数: 10,197页
开本: 26cm
丛书名:
单 册:
中图分类: TH11
科图分类:
主题词: 机械学--中等专业教育--教材 , 机械学
电子资源:
ISBN: 978-7-111-29919-6
000 00889nam0 2200265 450
001 012015000307
005 20150914103916.80
010    @a978-7-111-29919-6@dCNY26.00
100    @a20100908d2010 em y0chiy50 ea
101 0  @achi
102    @aCN@b110000
105    @aa z 000yy
106    @ar
200 1  @a机械基础(少学时)@Aji xie ji chu shao xue shi@f柴鹏飞,黄正轴主编
210    @a北京@c机械工业出版社@d2010
215    @a10,197页@c图@d26cm
300    @a中等职业教育课程改革国家规划新教材
330    @a本书共12部分,包括力学、工程材料、常用机构、机械传动、联接和轴系零部件、机械节能环保与安全防护等工程类专业必备的基础知识。
606 0  @a机械学@x中等专业教育@j教材
606 0  @a机械学
690    @aTH11@v5
701  0 @a柴鹏飞@Achai peng fei@c(机械设计)@4主编
701  0 @a黄正轴@Ahuang zheng zhou@4主编
801  0 @aCN@b碧洲教育@c20150716
905    @a10447@f4@dTH11@e32
    
    机械基础(少学时)/柴鹏飞,黄正轴主编.-北京:机械工业出版社,2010
    10,197页:图;26cm
    中等职业教育课程改革国家规划新教材
    
    ISBN 978-7-111-29919-6:CNY26.00
    本书共12部分,包括力学、工程材料、常用机构、机械传动、联接和轴系零部件、机械节能环保与安全防护等工程类专业必备的基础知识。
●
相关链接 在E读中查询图书 在五车中查询图书 在当当中查询图书 在豆瓣中查询图书


正题名:机械基础(少学时)     索取号:TH11/32         预约/预借

序号 登录号 条形码 馆藏地/架位号 状态 备注
1 0849813   208498133   第二样本阅览室/ [索取号:TH11/32] 在馆    
2 0849814   208498142   第三借阅区/ [索取号:TH11/32] 在馆    
3 0849815   208498151   第三借阅区/ [索取号:TH11/32] 在馆    
4 0849816   208498160   第三借阅区/ [索取号:TH11/32] 在馆    
唐山师范学院图书馆 欢迎您!
大连网信软件有限公司© 版权所有